Countries of the World - No Hints - Statistics

General Stats
  • This quiz has been taken 7,764 times
  • The average score is 165 of 196
Answer Stats
Country % Correct
United States
94%
Canada
93%
Mexico
91%
United Kingdom
91%
Russia
90%
Argentina
89%
Brazil
89%
China
89%
Finland
89%
France
89%
Sweden
89%
Australia
88%
Chile
88%
Germany
88%
Ireland
88%
Japan
88%
North Korea
88%
Norway
88%
Portugal
88%
Spain
88%
Colombia
87%
Denmark
87%
Egypt
87%
Iceland
87%
India
87%
New Zealand
87%
Panama
87%
Paraguay
87%
Poland
87%
South Korea
87%
Uruguay
87%
Afghanistan
86%
Andorra
86%
Austria
86%
Belgium
86%
Cuba
86%
Czech Republic
86%
Dominican Republic
86%
Estonia
86%
Greece
86%
Haiti
86%
Honduras
86%
Indonesia
86%
Iran
86%
Iraq
86%
Israel
86%
Italy
86%
Kazakhstan
86%
Latvia
86%
Lithuania
86%
Luxembourg
86%
Netherlands
86%
Oman
86%
Pakistan
86%
Peru
86%
Slovakia
86%
Slovenia
86%
South Africa
86%
Switzerland
86%
Ukraine
86%
Vatican City
86%
Venezuela
86%
Vietnam
86%
Yemen
86%
Algeria
85%
Belize
85%
Bolivia
85%
Costa Rica
85%
Croatia
85%
Democratic Republic of the Congo
85%
Dominica
85%
Ecuador
85%
El Salvador
85%
Guatemala
85%
Hungary
85%
Jamaica
85%
Laos
85%
Libya
85%
Liechtenstein
85%
Morocco
85%
Niger
85%
Romania
85%
Saudi Arabia
85%
Serbia
85%
Sudan
85%
Suriname
85%
Thailand
85%
Turkey
85%
Turkmenistan
85%
Albania
84%
Bahamas
84%
Barbados
84%
Belarus
84%
Bosnia and Herzegovina
84%
Bulgaria
84%
Cambodia
84%
Chad
84%
Ethiopia
84%
Fiji
84%
Guinea
84%
Guyana
84%
Kenya
84%
Malaysia
84%
Monaco
84%
Nicaragua
84%
Nigeria
84%
Qatar
84%
Republic of the Congo
84%
Saint Kitts and Nevis
84%
San Marino
84%
South Sudan
84%
Angola
83%
Armenia
83%
Azerbaijan
83%
Bhutan
83%
Georgia
83%
Ghana
83%
Jordan
83%
Kosovo
83%
Kyrgyzstan
83%
Lebanon
83%
Lesotho
83%
Mali
83%
Malta
83%
Mongolia
83%
Montenegro
83%
Nepal
83%
Saint Lucia
83%
Singapore
83%
Somalia
83%
Syria
83%
Tajikistan
83%
Trinidad and Tobago
83%
Tunisia
83%
United Arab Emirates
83%
Uzbekistan
83%
Zambia
83%
Zimbabwe
83%
Bahrain
82%
Burma
82%
Cyprus
82%
Djibouti
82%
Eritrea
82%
Gambia
82%
Kuwait
82%
Mauritania
82%
Moldova
82%
Namibia
82%
Papua New Guinea
82%
Philippines
82%
Rwanda
82%
Saint Vincent and the Grenadines
82%
Seychelles
82%
Sri Lanka
82%
Taiwan
82%
Tanzania
82%
Togo
82%
Antigua and Barbuda
81%
Bangladesh
81%
Benin
81%
Botswana
81%
Brunei
81%
Central African Republic
81%
Côte d'Ivoire
81%
East Timor
81%
Equatorial Guinea
81%
Guinea-Bissau
81%
Madagascar
81%
Marshall Islands
81%
Mauritius
81%
Samoa
81%
Senegal
81%
Solomon Islands
81%
Tonga
81%
Cameroon
80%
Cape Verde
80%
Comoros
80%
Federated States of Micronesia
80%
Gabon
80%
Grenada
80%
Liberia
80%
Maldives
80%
Mozambique
80%
Nauru
80%
Palau
80%
Tuvalu
80%
Uganda
80%
Vanuatu
80%
Burundi
79%
Kiribati
79%
Macedonia
79%
Sao Tome and Principe
79%
Sierra Leone
79%
Malawi
78%
Burkina Faso
77%
Swaziland
67%
No matching quizzes found
Score Distribution
Percent of People with Each Score
Percentile by Number Answered
Your Score History
You have not taken this quiz